000 00916nas a2200301 4500
001 BR0603431
003 BR-BrBNA
005 20231205110221.0
007 ta
008 230509b bl.|||p| |||| 00| 00por d
040 _aBR-BrBNA
_bpor
_cBiblioteca Nacional de Agricultura
041 _a(Pt)
072 _aE70; E16
100 1 _aPerosa, J.M.Y.
100 1 _aVieira, E.M.
100 1 _aNitzsche, T.
245 1 _aCadeia produtiva da nêspera na região do alto Tietê: indicadores econômicos da produção e mercado atacadista
650 _aNESPERA
650 _aFRUTA TROPICAL
650 _aCADEIA PRODUTIVA
650 _aRENTABILIDADE
650 _aQUALIDADE
650 _aPREÇO
650 _aSÃO PAULO
773 0 _tRevista Brasileira de Fruticultura (Brazil)
_xISSN 0100-2945
_g(Aug 2006), v. 28(2) p. 214-217
_wBR0603431
909 _a202311
_bLúcia
_c55
_dLúcia Elande
942 _2AGRIS
_n0
_cANA
999 _c186546
_d186546